00557nam a2200181Ia 450000500170000000800460001703700080006304000200007104100130009108400230010410000340012724500670016126000860022830000090031465000090032394200220033299900210035420250507130143.0008 250505s9999 xx 000 0 eng d aDIS aEASLbengcEASL aeng2eng a0000113, CHOqEASL aChoudhury Sanghamitra9645107 0aFalun Gong: Responses and reactions Prof. Sreemati Chakrabarti aIndiabDelhi University. Social Science. Chinese & Japanese Studies Libraryc2001 a78p. aDiss cDISh0000113, CHO c1318001d1318001